000 00295nam a2200121 a 4500
008 110105s1956|||| d
100 1 _aLenin, V. I.
245 1 0 _aSpisy 21
_bAugust 1914 - december 1915
260 _bVPL
_aBratislava
_c1956
020 _c11,80
044 _axo
_cSK
041 _aslo
999 _c15495
_d15495